Quản lý nhà nước bằng pháp luật - 13 lĩnh vực quan trọng/
Zapisane w:
| Format: | Artykuł |
|---|---|
| Język: | Vietnamese |
| Hasła przedmiotowe: | |
| Etykiety: |
Dodaj etykietę
Nie ma etykietki, Dołącz pierwszą etykiete!
|
| Thư viện lưu trữ: | Thư viện Trường Đại học Đà Lạt |
|---|
| LEADER | 00740nam a2200277 4500 | ||
|---|---|---|---|
| 001 | DLU060054216 | ||
| 040 | # | # | |a DLU |b vie |
| 041 | # | # | |a vie |
| 044 | # | # | |a vn |
| 245 | # | # | |a Quản lý nhà nước bằng pháp luật - 13 lĩnh vực quan trọng/ |
| 653 | # | # | |a Nhà quản lý |
| 653 | # | # | |a Quản lý kinh tế |
| 653 | # | # | |a Quản lý pháp luật |
| 773 | # | # | |t Nhà quản lý |g Số 7, 2004, tr.16-22 |
| 920 | # | # | |a Phòng Tạp chí -- Trung tâm Thông tin - Thư viện Trường Đại học Đà Lạt |
| 933 | # | # | |a CT, TN |
| 994 | # | # | |a DLU |
| 900 | # | # | |a True |
| 911 | # | # | |a Nguyễn Thị Yên |
| 925 | # | # | |a G |
| 926 | # | # | |a A |
| 927 | # | # | |a BB |
| 980 | # | # | |a Thư viện Trường Đại học Đà Lạt |